1572 1571 1017 1791 1293 1635 1704 1425 1079 1654 1038 1049 1955 1615 1049 1605 1156 1575 1161 1312 1736 1264 1597 1407 1751 1537 1717 1711 1587 1315 1691 1259 1096 1021 1200 1712 1280 1375 1666 1554 1845 1205 1677 1232 1240 1901 1467 1780 1994 1822 1135 1129 1510 1292 1288 1591 1937 1694 1712 1877 1473 1884 1937 1505 1465 1123 1860 1015 1758 1546 1154 1178 1934 1704 1799 1597 1357 1212 1144 1222 1043 1210 1599 1273 1533 1403 1957 1778 1454 1534 1062 1524 1612 1713 1453 1366 1281 1400 1802 BCNSPRNW ULIB Ver.6.0+V

เปลี่ยนเป็นภาษาไทย

Change to English
 แสดงรายละเอียดบรรณานุกรม
  กลับหน้าหลัก

Brief Record : Get Marc (ISO 2709) : E-mail record : QR code < ปิดหน้าต่าง
LEADER : 00000nam 2200000uu 4500
001    13399126275
003     ULIB
008    180827s2561||||th 000 0 tha d
020    ^a9786164431003
060  4 ^aWB115 ^bอ641
245 0  ^aอายุรศาสตร์ทันยุค 2561 = ^bUpdate in internal medicine 2018 / ^cบรรณาธิการ, มณฑิรา มณีรัตนะพร...[และคนอื่นๆ]
246 3   ^aUpdate in internal medicine 2018
250    ^aพิมพ์ครั้งที่ 1.
260    ^aกรุงเทพฯ : ^bภาควิชาอายุรศาสตร์ คณะแพทยศาสตร์ศิริราชพยาบาล, ^c2561.
300    ^a(17), 614 หน้า : ^bภาพประกอบ
500    ^aดัชนี.
504    ^aเอกสารอ้างอิงท้ายบท.
650  2 ^aInternal Medicine.
700 0  ^aมณฑิรา มณีรัตนะพร, ^eบรรณาธิการ.
700 0  ^aระวีวรรณ เลิศวัฒนารักษ์, ^eบรรณาธิการ.
700 0  ^aสุรัตน์ ทองอยู่, ^eบรรณาธิการ.
700 0  ^aนัฐพล ฤทธิ์ทยมัย, ^eบรรณาธิการ.
710 2  ^aมหาวิทยาลัยมหิดล. ^bคณะแพทยศาสตร์ศิริราชพยาบาล. ^bภาควิชาอายุรศาสตร์.
945    ^p500^l0^i004469
945    ^p500^l0^i004468
945    ^p500^l0^i004467
999    ^aประนอม เกษจรัล
รายการนี้ยังไม่มีแท็ก
คุณยังไม่ได้ล็อกอิน คุณสามารถมีกิจกรรมร่วมกับเว็บไซต์ได้ แต่ต้องล็อกอินก่อน ::
  ล็อกอิน

รายการสื่อสารสนเทศ

ลำดับที่ ประเภท เลขเรียก/บาร์โค้ด สถานที่ สถานะ
1. วิทยาศาสตร์การแพทย์ และสุขภาพ
หนังสือสำรอง
สถานะ=หนังสือสำรอง
WB115 อ641 ฉ.1 
  Barcode: 004467
ห้องสมุดวิทยาเขตสวรรค์ประชารักษ์
►หนังสือทั่วไป
บนชั้น
2. วิทยาศาสตร์การแพทย์ และสุขภาพ
วิทยาศาสตร์การแพทย์ และสุขภาพ
WB115 อ641 ฉ.2 
  Barcode: 004468
ห้องสมุดวิทยาเขตสวรรค์ประชารักษ์
►หนังสือทั่วไป
บนชั้น
3. วิทยาศาสตร์การแพทย์ และสุขภาพ
วิทยาศาสตร์การแพทย์ และสุขภาพ
WB115 อ641 ฉ.3 
  Barcode: 004469
ห้องสมุดวิทยาเขตสวรรค์ประชารักษ์
►หนังสือทั่วไป
บนชั้น

รายการใกล้เคียง
    หัวเรื่อง [Internal Medicine.]

BibComment


ยังไม่เคยถูกคอมเมนท์

คอมเมนท์ทรัพยากรรายการนี้
  คอมเมนท์: อายุรศาสตร์ทันยุ..


 Copyright 2026. Bcnsprnw @Library